|
|
|
|
| LEADER |
00000nam0a2200000 4500 |
| 001 |
243981 |
| 005 |
20231101232020.0 |
| 035 |
|
|
|a (RuTPU)RU\TPU\book\265337
|
| 090 |
|
|
|a 243981
|
| 100 |
|
|
|a 20131010d1969 k y0rusy50 ca
|
| 101 |
0 |
|
|a rus
|
| 102 |
|
|
|a UA
|
| 105 |
|
|
|a a z 001zy
|
| 200 |
1 |
|
|a Вещественный и спорово-пыльцевой состав угленосных формаций геосинклинальной части УССР (Закарпатье)
|f В. Т. Сябряй [и др.]
|g Академия наук Украинской ССР (АН УССР), Институт геологических наук (ИГН)
|
| 210 |
|
|
|a Киев
|c Наукова думка
|d 1969
|
| 215 |
|
|
|a 204 с.
|c ил.
|
| 320 |
|
|
|a Библиогр.: с. 198-203.
|
| 606 |
1 |
|
|a Угольные месторождения
|x Геология
|2 stltpush
|3 (RuTPU)RU\TPU\subj\62689
|
| 606 |
1 |
|
|a Угленосные отложения
|2 stltpush
|3 (RuTPU)RU\TPU\subj\62364
|9 79444
|
| 610 |
1 |
|
|a состав
|
| 610 |
1 |
|
|a угленосные формации
|
| 610 |
1 |
|
|a Украина
|
| 610 |
1 |
|
|a Закарпатье
|
| 610 |
1 |
|
|a геологический очерк
|
| 610 |
1 |
|
|a спорово-пыльцевые комплексы
|
| 610 |
1 |
|
|a геохимические исследования
|
| 675 |
|
|
|a 553.94
|v 3
|
| 675 |
|
|
|a 552.57
|v 3
|
| 701 |
|
1 |
|a Сябряй
|b В. Т.
|
| 701 |
|
1 |
|a Левитский
|b Б. П.
|
| 701 |
|
1 |
|a Сябряй
|b С. В.
|
| 701 |
|
1 |
|a Емец
|b Т. П.
|
| 712 |
0 |
2 |
|a Академия наук Украинской ССР (АН УССР)
|b Институт геологических наук (ИГН)
|c (Киев)
|2 stltpush
|3 (RuTPU)RU\TPU\col\12890
|
| 801 |
|
1 |
|a RU
|b 63413507
|c 20131010
|
| 801 |
|
2 |
|a RU
|b 63413507
|c 20131112
|g RCR
|
| 942 |
|
|
|c BK
|